| 000 | 00699cam a22001931 4500 | ||
|---|---|---|---|
| 082 | 0 | 0 |
_a621.43 _bOBE _cL-12, P-23 |
| 100 | 1 |
_aObert, Edward F., _941744 |
|
| 245 | 1 | 0 |
_aInternal combustion engines _c[by] Edward F. Obert. |
| 250 | _a3d ed. | ||
| 260 |
_aScranton, _bInternational Textbook Co. _c[1968] |
||
| 300 |
_axiii, 736 p. _billus. (4 fold. in pocket) _c24 cm. |
||
| 490 | 0 | _aInternational textbooks in mechanical engineering | |
| 500 | _aFirst ed., by B. H. Jennings and E. F. Obert, published in 1944. | ||
| 526 |
_a0 _b0 _c0 _d621_430000000000000_OBE |
||
| 650 | 0 |
_aInternal combustion engines. _941745 |
|
| 650 | 0 |
_aMCE _9379 |
|
| 700 | 1 |
_aJennings, Burgess Hill, _941746 |
|
| 942 |
_2ddc _cBK |
||
| 999 |
_c545786 _d545786 |
||